00824nam a2200241Ia 450000100060000000300090000600800410001504000130005604000130006904100130008210000220009510000290011724500990014624500320024525000110027726000100028826000130029826000450031130000590035650000930041565000430050865000310055114890IT-RoPAU130308s9999 xx 000 0 und d aIT-RoPAU cIT-RoPAU aFRANCESE aPadioleau Jean-G. gCodice Aut. SPICS: 2985 aEtude empirique des moyens de communication de masse et l'analyse des comportements politiques bSociologie de L'Information a1a ed. aPARIS bLarousse c1973 [1° Ed.:1973 - Ed.Ling.Originale:] a"20 p. (prefazione: no ; testo: 20 [pagine: 321-340])" aStudio Empirico dei mezzi di Comunicazione di Massa e Analisi dei comportamenti Politici aSOCIOLOGIA DELLA COMUNICAZIONE SOCIALE eCodice materia Spics: 3806